Karty z najwyższym overalem- podstawa fifa 19 - Statystyki

Ogólne statystyki
  • Ten quiz został rozwiązany 1 382 razy
  • Średni wynik to 7 z 15
Statystyki odpowiedzi
Piłkarz % Poprawnych
1 Cristiano Ronaldo
98%
2 Lionel Messi
95%
3 Neymar
84%
11 Robert Lewandowski
74%
5 Luis Suarez
52%
4 Sergio Ramos
51%
6 Luka Modric
49%
7 Eden Hazard
48%
8 Kevin De Bruyne
45%
14 Sergio Aguero
30%
10 Toni Kroos
25%
12 Harry Kane
24%
15 David Silva
9%
9 Diego Godin
8%
13 Gorgio Chiellini
1%
Nie znaleziono quizów pasujących do podanych kryteriów
Rozkład punktacji
Procent ludzi z każdym wynikiem
Percentyl według liczby udzielonych odpowiedzi
Twoja historia wyników
Nie rozwiązałeś tego quizu